Historical perspectives on property and land law

Detalles Bibliográficos
Autor principal: Fiocchi Malaspina, Elisabetta
Otros Autores: Tarozzi, Simona
Formato: eBook
Lenguaje:inglés
Publicado: Madrid: Dykinson, 2019
Materias:
Acceso en línea:Acceso restringido

MARC

LEADER 00000nam a22000007a 4500
005 20200625221950.0
007 cr|||| ||||
008 200625s2019 es |||||s|||| 00||0 eng d
020 |a 978-84-1324-499-0 
035 |a 31415 
040 |a vLex 
090 |c 10586  |d 10586 
100 1 |a Fiocchi Malaspina, Elisabetta 
245 1 0 |a Historical perspectives on property and land law  |h [Recurso electrn̤ico] /  |c Elisabetta Fiocchi Malaspina, Simona Tarozzi 
256 |a Servicio en ln̕ea 
260 |a Madrid:  |b Dykinson,  |c 2019 
300 |a 1 recurso electrn̤ico 
506 1 |a Disponible solo en los productos indicados  |d vLex Global  |d vLex Global (Academic Edition, excluding Law Schools)  |d vLex Global (U.S. Academic Edition, Law Schools)  |d vLex Global (U.S. Academic Edition, excluding Law Schools)  |d vLex Global (Academic Edition, Law Schools) 
650 0 4 |a Derecho Civil  |z Espaą 
700 1 |a Tarozzi, Simona 
740 0 |a vLex Libros (Servicio en ln̕ea) 
856 4 0 |u http://vlex.com/source/historical-perspectives-property-land-law-31415  |z Acceso restringido 
942 |c BOOK 
999 0 |a Civil Law